| 000 | 01481nam a2200373 a 4500 | ||
|---|---|---|---|
| 001 | 000112856 | ||
| 003 | CHAP | ||
| 005 | 20220329144325.0 | ||
| 008 | 170120s2016 mx a fsm |||||||spa d | ||
| 010 | _a109317 | ||
| 011 | _a110289 | ||
| 040 | _cCHAP | ||
| 090 | _aTesis | ||
| 100 | 1 |
_aHernández Antonio, María _9131353 |
|
| 245 | 1 | 0 |
_aMuestreo óptimo para la actualización de existencias volumétricas del conjunto predial integral Atlamaxac, Potrero, Macuiloco, Nexiaco y demás, Amecameca, Estado de México / _h[En línea] _cpor María Hernández Antonio. |
| 260 |
_aChapingo, Méx. : _bEl autor, _c2016. |
||
| 500 | _aPara ver el contenido del material haga clic en la liga | ||
| 502 | _aTesis (Ing. Forestal) -- UACH. División de Ciencias Forestales | ||
| 590 |
_aE11695DGD _b10 _c20170208 _lUCH01 _h1035 |
||
| 590 |
_aE6096MTM _b05 _c20170207 _lUCH01 _h1307 |
||
| 590 |
_aE6096MTM _b05 _c20170207 _lUCH01 _h1318 |
||
| 590 |
_aE8697GMM _b05 _c20170120 _lUCH01 _h1152 |
||
| 590 |
_aE8697GMM _b05 _c20170120 _lUCH01 _h1153 |
||
| 590 |
_aE8697GMM _b05 _c20170201 _lUCH01 _h0857 |
||
| 590 |
_aE8697GMM _b05 _c20170206 _lUCH01 _h0944 |
||
| 590 |
_aE8697GMM _b05 _c20170207 _lUCH01 _h0847 |
||
| 650 | 1 | 4 |
_aBosques _xInventarios _xMéxico (Edo.) _914260 |
| 650 | 1 | 4 |
_aBosques _xMétodos estadísticos. _914340 |
| 650 | 1 | 4 |
_aMuestreo estadístico. _979288 |
| 856 |
_aFinding aid _uhttp://10.13.5.2/tesis/sist112856.pdf _zTeclea aquí |
||
| 901 | _aBK | ||
| 942 | _cTESIS | ||
| 942 | _n0 | ||
| 999 |
_c109317 _d109317 |
||